| 000 | 00671nam a2200241 a 4500 | ||
|---|---|---|---|
| 999 |
_c5542 _d5542 |
||
| 001 | 5542 | ||
| 003 | BD-JhCC | ||
| 005 | 20171217194805.0 | ||
| 008 | 171217s1948 ilua b 001 0 eng d | ||
| 035 | _a(BD-JhCC)5542 | ||
| 040 |
_aBD-JhCC _cNAM _dBD-JhCC _dEQO |
||
| 041 | _aeng | ||
| 050 | 0 |
_aZ244 _b.K3 |
|
| 082 |
_a655 _bRAN 1962 |
||
| 100 | 1 |
_aKarch, R. Randolph _q(Robert Randolph), _d1902- |
|
| 245 | 1 | 0 |
_aGraphic arts procedures / _cR. Randolph Karch, |
| 260 |
_aChicago : _bAmerican Technical Society, _c1948 |
||
| 300 |
_axi, 372 p. _billus. (part.col.) _c22 cm |
||
| 504 | _aIncludes "References." | ||
| 650 | 0 | _aPrinting | |
| 942 |
_2ddc _cBK |
||